<?xml version="1.0" encoding="UTF-8"?>
<record
    xmlns:xsi="http://www.w3.org/2001/XMLSchema-instance"
    xsi:schemaLocation="http://www.loc.gov/MARC21/slim http://www.loc.gov/standards/marcxml/schema/MARC21slim.xsd"
    xmlns="http://www.loc.gov/MARC21/slim">

  <leader>00903nam a22001577a 4500</leader>
  <controlfield tag="003">OSt</controlfield>
  <controlfield tag="005">20221125143230.0</controlfield>
  <controlfield tag="008">190503b        xxu||||| |||| 00| 0 eng d</controlfield>
  <datafield tag="040" ind1=" " ind2=" ">
    <subfield code="c">RUA</subfield>
  </datafield>
  <datafield tag="082" ind1=" " ind2=" ">
    <subfield code="a">SOR SRE 2010 B544 Or.1</subfield>
  </datafield>
  <datafield tag="100" ind1=" " ind2=" ">
    <subfield code="9">13546</subfield>
    <subfield code="a">SRENG SYNEATH.&#x179F;&#x17D2;&#x179A;&#x17C1;&#x1784; &#x179F;&#x17CA;&#x17B8;&#x1793;&#x17B6;&#x1790;</subfield>
  </datafield>
  <datafield tag="245" ind1=" " ind2=" ">
    <subfield code="a">the comp arision of income taking from non-timbe taking from non-timber forest product in community forestry at sraeampum commune,pechrada district, mondulkiri province,&#x1780;&#x17B6;&#x179A;&#x1794;&#x17C0;&#x1794;&#x1792;&#x17C0;&#x1794;&#x1796;&#x17B8;&#x1794;&#x17D2;&#x179A;&#x17B6;&#x179F;&#x17CB;&#x1785;&#x17C6;&#x178E;&#x17BC;&#x179B;&#x178A;&#x17C2;&#x179B;&#x1785;&#x17C6;&#x178E;&#x17BC;&#x179B;&#x178A;&#x17C2;&#x179B;&#x1794;&#x17B6;&#x1793;&#x1796;&#x17B8;&#x17C7;&#x1793;&#x17BB;&#x1795;&#x179B;&#x1796;&#x17D2;&#x179A;&#x17C3;&#x1788;&#x17BE;&#x179A;&#x1794;&#x179F;&#x17CB;&#x179F;&#x17A0;&#x1782;&#x1798;&#x1793;&#x17CD;&#x1796;&#x17D2;&#x179A;&#x17C3;&#x1788;&#x17BE;&#x1793;&#x17C5;&#x1780;&#x17D2;&#x1793;&#x17BB;&#x1784;&#x1783;&#x17BB;&#x17C6;&#x179F;&#x17D2;&#x179A;&#x17C2;&#x17A2;&#x17C6;&#x1796;&#x17BC;&#x1798;&#x179F;&#x17D2;&#x179A;&#x17BB;&#x1780;&#x1796;&#x17C1;&#x1787;&#x17D2;&#x179A;&#x17B6;&#x178A;&#x17B6;&#x1781;&#x17C1;&#x178F;&#x17D2;&#x178F;&#x1798;&#x178E;&#x17D2;&#x178C;&#x179B;&#x1782;&#x17B8;&#x179A;&#x17B8;</subfield>
  </datafield>
  <datafield tag="260" ind1=" " ind2=" ">
    <subfield code="a">phnom penh </subfield>
    <subfield code="b">rua</subfield>
    <subfield code="c">2010</subfield>
  </datafield>
  <datafield tag="300" ind1=" " ind2=" ">
    <subfield code="a">x;47p;</subfield>
    <subfield code="b">ill;</subfield>
    <subfield code="c">29cm;</subfield>
  </datafield>
  <datafield tag="942" ind1=" " ind2=" ">
    <subfield code="2">ddc</subfield>
    <subfield code="c">FOR</subfield>
  </datafield>
  <datafield tag="999" ind1=" " ind2=" ">
    <subfield code="c">17885</subfield>
    <subfield code="d">17885</subfield>
  </datafield>
  <datafield tag="952" ind1=" " ind2=" ">
    <subfield code="0">0</subfield>
    <subfield code="1">0</subfield>
    <subfield code="2">ddc</subfield>
    <subfield code="4">0</subfield>
    <subfield code="6">FOR_SRE_2010_000000000000000_B544_OR_1</subfield>
    <subfield code="7">0</subfield>
    <subfield code="9">78716</subfield>
    <subfield code="a">LBB</subfield>
    <subfield code="b">LBB</subfield>
    <subfield code="c">B544</subfield>
    <subfield code="d">2019-05-03</subfield>
    <subfield code="o"> FOR SRE 2010 B544 Or.1</subfield>
    <subfield code="p">A40626</subfield>
    <subfield code="r">2019-05-03</subfield>
    <subfield code="w">2019-05-03</subfield>
    <subfield code="y">FOR</subfield>
  </datafield>
  <datafield tag="952" ind1=" " ind2=" ">
    <subfield code="0">0</subfield>
    <subfield code="1">0</subfield>
    <subfield code="2">ddc</subfield>
    <subfield code="4">0</subfield>
    <subfield code="6">FOR_SRE_2010_000000000000000_B544_OR_2</subfield>
    <subfield code="7">0</subfield>
    <subfield code="9">78717</subfield>
    <subfield code="a">LBB</subfield>
    <subfield code="b">LBB</subfield>
    <subfield code="c">B544</subfield>
    <subfield code="d">2019-05-03</subfield>
    <subfield code="o">FOR SRE 2010 B544 Or.2</subfield>
    <subfield code="p">A40551</subfield>
    <subfield code="r">2019-05-03</subfield>
    <subfield code="w">2019-05-03</subfield>
    <subfield code="y">FOR</subfield>
  </datafield>
  <datafield tag="952" ind1=" " ind2=" ">
    <subfield code="0">0</subfield>
    <subfield code="1">0</subfield>
    <subfield code="2">ddc</subfield>
    <subfield code="4">0</subfield>
    <subfield code="6">FOR_SRE_2010_000000000000000_B544_OR_3</subfield>
    <subfield code="7">0</subfield>
    <subfield code="9">78718</subfield>
    <subfield code="a">LBB</subfield>
    <subfield code="b">LBB</subfield>
    <subfield code="c">B544</subfield>
    <subfield code="d">2019-05-03</subfield>
    <subfield code="o">FOR SRE 2010 B544 Or.3</subfield>
    <subfield code="p">A37456</subfield>
    <subfield code="r">2019-05-03</subfield>
    <subfield code="w">2019-05-03</subfield>
    <subfield code="y">FOR</subfield>
  </datafield>
  <datafield tag="952" ind1=" " ind2=" ">
    <subfield code="0">0</subfield>
    <subfield code="1">0</subfield>
    <subfield code="2">ddc</subfield>
    <subfield code="4">0</subfield>
    <subfield code="6">FOR_SRE_2010_000000000000000_B544_OR_4</subfield>
    <subfield code="7">0</subfield>
    <subfield code="9">78720</subfield>
    <subfield code="a">LBB</subfield>
    <subfield code="b">LBB</subfield>
    <subfield code="c">B544</subfield>
    <subfield code="d">2019-05-03</subfield>
    <subfield code="o">FOR SRE 2010 B544 Or.4</subfield>
    <subfield code="p">A37371</subfield>
    <subfield code="r">2019-05-03</subfield>
    <subfield code="w">2019-05-03</subfield>
    <subfield code="y">FOR</subfield>
  </datafield>
</record>
